000 005740000a22001810004500
003 MACL
005 20160420111804.0
008 160420b xxu||||| |||| 00| 0 eng d
040 _aMACL
_cMACL
041 _aHindi
082 _a070
100 _aहरिमाेहन
_952742
245 _aसमाचार, फीचर - लेखन एवं संपादन कला
260 _bतक्षशिला प्रकाशन
_c1992
_aनई दिल्‍ली
350 _a150
650 _aNews, Media, Journalism
_9338
942 _cHIN
_k070
_2ddc
999 _c21664
_d21664